| Tag |
First Indicator |
Second Indicator |
Subfields |
| LEADER |
00000cam a2200000 i 4500 |
| 001 |
in00000037051 |
| 005 |
20151007070402.0 |
| 008 |
770627s1940 inu 00110 engm |
| 010 |
|
|
|a a 41002486
|
| 035 |
|
|
|a (OCoLC)03075828
|
| 035 |
|
|
|9 AAE3914AM
|
| 040 |
|
|
|a DLC
|c AGL
|d AGL
|d TXA
|d UtOrBLW
|
| 049 |
|
|
|a TXAM
|c [118218]
|
| 050 |
|
0 |
|a QK13
|b .C651
|
| 070 |
0 |
|
|a QK13.C651
|b 1940
|
| 092 |
|
|
|a 580.14
|b C649a3
|
| 100 |
1 |
|
|a Clute, Willard Nelson,
|d 1869-
|
| 245 |
1 |
0 |
|a American plant names /
|c compiled by Willard N. Clute ...
|
| 250 |
|
|
|a 3d ed.
|
| 264 |
|
1 |
|a Indianapolis, Ind. :
|b W.N. Clute & co.,
|c 1940.
|
| 300 |
|
|
|a 4 pages ., 285 pages ;
|c 21 cm.
|
| 336 |
|
|
|a text
|b txt
|2 rdacontent
|
| 337 |
|
|
|a unmediated
|b n
|2 rdamedia
|
| 338 |
|
|
|a volume
|b nc
|2 rdacarrier
|
| 500 |
|
|
|a "Supplementary list of plant names": pages [217]-248. "Second supplementary list": pages [249]-284.
|
| 650 |
|
0 |
|a Plant names, Popular
|z United States.
|
| 999 |
|
|
|a MARS
|
| 999 |
f |
f |
|s c2f054d5-e49f-3574-8a77-1841688a7821
|i afbb9691-b64c-31b0-9e56-a18c2958e28f
|t 0
|
| 952 |
f |
f |
|p ric
|a Texas A&M University
|b Rellis Campus
|c Joint Library Facility
|d Remote Storage
|t 0
|e QK13 .C651
|h Library of Congress classification
|i unmediated -- volume
|m A14800984900
|
| 998 |
f |
f |
|a QK13 .C651
|t 0
|l Remote Storage
|